000 00476nam a2200157Ia 4500
008 210716s2012 xx 000 0 und d
020 _a9788120329881
041 _aeng
082 _a658.3125 KANS
100 _aKandula, Srinivas R.
245 _aPerformance management: strategies interventions drivers.
_bStrategies interventions drivers.
250 _a1
260 _aNew Delhi
_bPHI Learning Pvt Ltd
_c2012
300 _aviii,320
650 _aHuman Resource Development
999 _c208270
_d208270